MARC

LEADER 00000nam0a2200000 4500
001 35965
005 20231031000142.0
035 |a (RuTPU)RU\TPU\book\36423 
035 |a BOOK00003075 
090 |a 35965 
100 |a 20011210d1974 km y0rusy50 ca 
101 0 |a rus 
102 |a RU 
105 |a a z 000zy 
200 1 |a Техническая эксплуатация основного электрооборудования станций и подстанций  |f П. Г. Грудинский, С. А. Мандрыкин, М. С. Улицкий 
210 |a Москва  |c Энергия  |d 1974 
215 |a 575 с.  |c ил. 
610 1 |a электрические станции 
610 1 |a электрооборудование 
610 1 |a электрические подстанции 
610 1 |a эксплуатация 
610 1 |a электрические машины 
610 1 |a трансформаторы 
610 1 |a распределительные устройства 
675 |a 621.311.2.002.5-7  |v 3 
675 |a 621.311.4  |v 3 
700 1 |a Грудинский  |b П. Г.  |g Петр Григорьевич 
701 1 |a Мандрыкин  |b С. А.  |g Сергей Андреевич 
701 1 |a Улицкий  |b М. С.  |g Михаил Самойлович 
801 0 |a RU  |b 63413507  |c 20011210  |g PSBO 
801 2 |a RU  |b 63413507  |c 20201015  |g PSBO 
900 |a Электрическая часть, электростанция и электроснабжение потребителей 
942 |c BK